000 00686nam a2200229 a 4500
008 951213s1978||||[C 0 slo c
020 _c20 Kčs.
_q(2000 výtl.)
040 _aSNK
_bslo
_cSNK
_eAACR2
041 1 _aslo
_hslo
044 _axo
_cSK
080 _a7.01,
080 _a100(035.3)
100 1 _aBrožík, Vladimír
_4aut
245 1 0 _aO užitočnosti krásy
_cVladimír Brožík ; Jozef Michaláč
250 _a1., vyd.
260 _aBratislava
_bPravda
_c1978
_eŽilina
_fPravda
300 _a177 s., 9,07 AH
_c21 cm
490 0 _aČlovek a umenie
500 _aLit. 24. 24 zázn. lit. o knihách v jaz. slov. a čes.
700 1 _aMichaláč, Jozef
_4bkd
958 _aA
999 _c14898
_d14898